000 00541nam a22002177a 4500
003 UA-OsUOA
001 82737
007 ta
008 20120319b un ||||| |||| 00| 0 ukr d
100 _aСюнлдюков І.
090 _a94(477)
_bС98
942 _cSA
040 _aUA-OsUOA
_bfre
_cUA-OsUOA
_dUA-OsUOA
245 _aДмитро Донцов: До міст!
300 _aС.10
955 _a0
041 _afre
080 _a94(477)
773 0 _w82735
650 7 _a9 Географія. Біографії. Історія
_2UDC
999 _c369052
_d369052